21St Century beach houses (Record no. 11939)

000 -LEADER
fixed length control field 00339 a2200145 4500
003 - CONTROL NUMBER IDENTIFIER
control field OSt
005 - DATE AND TIME OF LATEST TRANSACTION
control field 20240111160050.0
008 - FIXED-LENGTH DATA ELEMENTS--GENERAL INFORMATION
fixed length control field 240111b ||||| |||| 00| 0 eng d
020 ## - INTERNATIONAL STANDARD BOOK NUMBER
International Standard Book Number 9781864703757
082 ## - DEWEY DECIMAL CLASSIFICATION NUMBER
Classification number 728.72
100 ## - MAIN ENTRY--PERSONAL NAME
Personal name Andrew Hall
245 ## - TITLE STATEMENT
Title 21St Century beach houses
260 ## - PUBLICATION, DISTRIBUTION, ETC. (IMPRINT)
Name of publisher, distributor, etc Images Publishing Dist Ac
942 ## - ADDED ENTRY ELEMENTS (KOHA)
Source of classification or shelving scheme
Holdings
Withdrawn status Lost status Source of classification or shelving scheme Damaged status Koha normalized classification for sorting Not for loan Permanent location Current location Date acquired Source of acquisition Cost, normal purchase price Full call number Barcode Date last seen Cost, replacement price Price effective from Koha item type
        728_720000000000000   BMS College of Architecture, Design and Planning BMS College of Architecture, Design and Planning 2024-01-11 10 2992.50 728.72 AR-UG3283 2024-01-11 4275.00 2024-01-11 UG Books
Copyright © 2025, The Librarian, Library and Information Centre, BMSCA D&P, Bengaluru. All Rights Reserved
web counter

Powered by Koha